[Event "Titled Tue 27th May Early"]
[Site "chess.com INT"]
[Date "2025.05.27"]
[Round "8"]
[White "Vlassov, Nikolai"]
[Black "Maslovskiy, Vladimir"]
[Result "0-1"]
[WhiteTitle "IM"]
[BlackTitle "FM"]
[WhiteElo "2291"]
[BlackElo "2370"]
[WhiteFideId "4103360"]
[BlackFideId "24273546"]
[EventDate "2025.05.27"]

1. e4 e5 2. Bc4 Nf6 3. d3 Nc6 4. Nf3 Bc5 5. Bg5 d6 6. Nc3 h6 7. Bh4 g5 8. Bg3
Be6 9. Nd2 Qd7 10. h4 O-O-O 11. Nd5 Bxd5 12. exd5 Ne7 13. Ne4 Nxe4 14. dxe4 f5
15. exf5 Nxf5 16. Qg4 gxh4 17. Bxh4 Rdg8 18. Qe4 Qf7 19. O-O-O Nxh4 20. Rxh4
Qxf2 21. Rg4 Qe3+ 22. Kb1 Qxe4 23. Rxe4 Rxg2 24. Rh1 a6 25. a3 Kb8 26. Bf1 Rf2
27. Bh3 Rf3 28. b4 Bd4 29. Ka2 Rf2 30. Kb3 Rf3+ 31. Ka2 Rhf8 32. Bg4 Rf2 33. Bd1
R8f6 34. Kb3 b5 35. c3 Bb6 36. Rh3 Rd2 37. Re1 Rff2 38. c4 Bd4 39. cxb5 axb5 40.
Be2 Rfxe2 41. Rxe2 Rxe2 42. a4 Rb2+ 43. Ka3 bxa4 44. Rxh6 Kb7 45. Kxa4 Bb6 46.
Re6 Rd2 47. Re8 Rxd5 48. Rh8 Rd4 49. Kb5 c6+ 50. Ka4 Bc5 51. Kb3 Rxb4+ 52. Kc3
Rd4 53. Rg8 Bb4+ 54. Kb3 Bc5 55. Kc3 Rh4 56. Re8 Kb6 57. Rb8+ Ka5 58. Kd3 Bb6
59. Rc8 Kb5 60. Rb8 Rd4+ 61. Kc3 Rc4+ 62. Kd3 e4+ 63. Kd2 d5 64. Rb7 d4 65. Ke2
d3+ 66. Kd2 Rc2+ 67. Kd1 Ra2 0-1

[Event "Titled Tue 27th May Early"]
[Site "chess.com INT"]
[Date "2025.05.27"]
[Round "8"]
[White "Reprintsev, Alexander"]
[Black "Sabuk, Piotr"]
[Result "1-0"]
[WhiteTitle "IM"]
[BlackTitle "IM"]
[WhiteElo "2256"]
[BlackElo "2321"]
[WhiteFideId "14100541"]
[BlackFideId "1137565"]
[EventDate "2025.05.27"]

1. e4 e5 2. Nc3 Nf6 3. g3 Nc6 4. Bg2 Bc5 5. d3 O-O 6. Nge2 Re8 7. O-O Nd4 8. h3
c6 9. Kh2 h6 10. f4 d5 11. exd5 cxd5 12. fxe5 Rxe5 13. Nf4 Bb6 14. Na4 Bc7 15.
c3 Ne6 16. Nxe6 Bxe6 17. Bf4 Rh5 18. Bxc7 Qxc7 19. Rxf6 Rg5 20. Rf4 b5 21. Qf3
bxa4 22. Rxa4 Rb8 23. Rb1 Rf5 24. Qe3 Rb6 25. Rf4 Re5 26. Qf2 Rg5 27. h4 Rg6 28.
d4 Qb8 29. b3 Qc7 30. Rc1 Qd8 31. Qe3 Rd6 32. Rcf1 Rd7 33. Qe5 Qc7 34. Qxc7 Rxc7
35. R4f3 Rg4 36. Bh3 Re4 37. Bxe6 Rxe6 38. R1f2 Rec6 39. Rc2 g6 40. Kg2 Kg7 41.
Kf2 h5 42. Ke2 Re6+ 43. Re3 Kf6 44. Rxe6+ Kxe6 45. Kd3 Kf5 46. Re2 Kg4 47. Re3
f6 48. a4 g5 49. hxg5 fxg5 50. b4 h4 51. gxh4 gxh4 52. Re8 h3 53. Rg8+ Kf3 54.
Rh8 Kg2 55. Rg8+ Kf2 56. Rf8+ Kg1 57. Rg8+ Kh1 58. Rg5 Rd7 59. b5 h2 60. a5 Rb7
61. Rxd5 Kg2 62. Rg5+ Kf2 63. Rh5 Kg2 64. c4 Rg7 65. Ke4 Rg3 66. Rxh2+ Kxh2 67.
b6 axb6 68. axb6 Rc3 69. c5 Kg3 70. b7 Rb3 71. c6 Kg4 72. c7 1-0

[Event "Titled Tue 27th May Early"]
[Site "chess.com INT"]
[Date "2025.05.27"]
[Round "8"]
[White "Cuellar Montes, Alejandro"]
[Black "Brancaleoni, Maurizio"]
[Result "0-1"]
[WhiteTitle "CM"]
[BlackTitle "FM"]
[WhiteElo "2173"]
[BlackElo "2185"]
[WhiteFideId "32096836"]
[BlackFideId "803022"]
[EventDate "2025.05.27"]

1. d4 Nf6 2. c4 b6 3. Nc3 Bb7 4. d5 e6 5. e4 Bb4 6. Bd3 Bxc3+ 7. bxc3 d6 8. Ne2
Nbd7 9. O-O Nc5 10. Qc2 h6 11. Nd4 O-O 12. Ba3 Re8 13. Rae1 Qd7 14. Bxc5 dxc5
15. Nf3 exd5 16. cxd5 c4 17. Bxc4 Qd6 18. e5 Qc5 19. exf6 Qxc4 20. fxg7 Bxd5 21.
Ne5 Qh4 22. c4 Be6 23. Re3 Rad8 24. Rfe1 Qd4 25. Nc6 Qd2 26. Qe4 Rd6 27. Ne5 Qd4
28. Qf3 Qh4 29. h3 Qg5 30. Ng4 f5 31. Ne5 f4 32. R3e2 Qxg7 33. Nd3 Rdd8 34. Nxf4
Bf7 35. Rxe8+ Bxe8 36. Qe4 Bf7 37. Qf3 Rf8 38. Nh5 Bxh5 39. Qxh5 Qf6 40. Qg4+
Kh8 41. Re6 Qxf2+ 42. Kh2 Qf4+ 43. Qxf4 Rxf4 44. Re7 Rxc4 45. g4 a5 46. Kg3 a4
47. h4 Kg8 48. Rd7 b5 49. g5 hxg5 50. hxg5 b4 51. g6 b3 52. axb3 axb3 53. Rd8+
Kg7 54. Rb8 Rc3+ 55. Kf4 Kxg6 56. Ke4 Kf6 57. Kd4 Rh3 58. Kc5 Ke6 59. Kc4 Kd6
60. Rxb3 Rxb3 61. Kxb3 Kc5 62. Kc3 c6 63. Kb3 Kd4 64. Kc2 Kc4 65. Kb2 Kd3 66.
Kb1 Kd2 67. Kb2 Kd3 68. Kb1 c5 69. Kb2 c4 70. Kb1 Kd2 71. Ka1 c3 72. Kb1 c2+ 73.
Ka2 c1=Q 0-1

[Event "Titled Tue 27th May Early"]
[Site "chess.com INT"]
[Date "2025.05.27"]
[Round "8"]
[White "Aghaei, Alireza"]
[Black "Ambrogi, Agustin"]
[Result "1-0"]
[WhiteTitle "CM"]
[BlackTitle "FM"]
[WhiteElo "2204"]
[BlackElo "2237"]
[WhiteFideId "12509914"]
[BlackFideId "170933"]
[EventDate "2025.05.27"]

1. d4 Nf6 2. Bg5 Ne4 3. Bf4 d5 4. e3 e6 5. Nd2 Nxd2 6. Qxd2 Bd6 7. Bd3 b6 8. Nf3
Ba6 9. Bxa6 Nxa6 10. h4 h6 11. h5 Qd7 12. Qe2 Nb8 13. Rh3 Bxf4 14. exf4 Nc6 15.
Rg3 Rg8 16. Ne5 Nxe5 17. fxe5 O-O-O 18. a4 Kb7 19. a5 b5 20. a6+ Ka8 21. Raa3 g6
22. hxg6 Rxg6 23. Rxg6 fxg6 24. Rf3 Qc6 25. Ra3 b4 26. Ra5 Rb8 27. Rc5 Qa4 28.
Rxc7 Qa1+ 29. Qd1 Qxb2 30. Kf1 Qa3 31. g3 Qxa6+ 32. Kg2 Qb6 33. Rg7 g5 34. Qd3
Rc8 35. Rg6 Rc6 36. Rxh6 a5 37. Rh8+ Ka7 38. Rh7+ Rc7 39. Rh8 a4 40. Qg6 a3 41.
Qe8 Qb7 42. Qa4+ Qa6 43. Ra8+ Kxa8 44. Qxa6+ Kb8 45. Qb6+ Rb7 46. Qd8+ Ka7 47.
Qa5+ Kb8 48. g4 Ra7 49. Qxb4+ Ka8 50. Qf8+ Kb7 51. Qe7+ Kb8 52. Qd6+ Kb7 53.
Qd7+ Kb8 54. Qd8+ Kb7 55. Qe7+ Kb8 56. Qf8+ Kb7 57. Qb4+ Ka8 58. Qb1 a2 59. Qa1
Kb7 60. f4 gxf4 61. g5 Kb6 62. g6 Kb5 63. g7 Rxg7+ 64. Kf3 Ra7 65. Kxf4 Kc4 66.
Ke3 Ra3+ 67. Kd2 Kb4 68. Kc1 Kc4 69. Kb2 Ra4 70. c3 Ra6 71. Qf1# 1-0

[Event "Titled Tue 27th May Early"]
[Site "chess.com INT"]
[Date "2025.05.27"]
[Round "8"]
[White "Torres Rebolledo, Alvaro"]
[Black "Brezis, Ari"]
[Result "1-0"]
[WhiteTitle "FM"]
[BlackTitle "CM"]
[WhiteElo "2336"]
[BlackElo "2188"]
[WhiteFideId "54587670"]
[BlackFideId "2858541"]
[EventDate "2025.05.27"]

1. Nf3 Nf6 2. e3 e6 3. c4 c5 4. Nc3 Nc6 5. b3 d5 6. cxd5 exd5 7. d4 Bg4 8. Bb5
cxd4 9. Qxd4 Bxf3 10. gxf3 Be7 11. Bb2 O-O 12. Bxc6 bxc6 13. Rg1 c5 14. Qh4 d4
15. O-O-O dxc3 16. Rxd8 cxb2+ 17. Kxb2 Rfxd8 18. Kc2 Rd5 19. Rd1 Rxd1 20. Kxd1
Rd8+ 21. Kc2 Nd5 22. Qe4 Bf6 23. a3 Nc3 24. Qc4 Nd5 25. f4 g6 26. f5 Nb6 27. Qf4
c4 28. fxg6 cxb3+ 29. Kxb3 Rd3+ 30. Kc2 Rc3+ 31. Kd2 Nc4+ 32. Ke2 Rc2+ 33. Kf1
Nd2+ 34. Ke1 Nf3+ 35. Qxf3 Bc3+ 36. Kf1 hxg6 37. Qa8+ Kg7 38. Qxa7 Bf6 39. Qa4
Ra2 40. Qb3 Rd2 41. Ke1 Rb2 42. Qd3 Kh7 43. a4 Bh4 44. a5 Bxf2+ 45. Kd1 Ra2 46.
Qd5 Ra1+ 47. Ke2 Bg1 48. Qxf7+ Kh6 49. Qf4+ Kh7 50. Qc7+ Kh6 51. Qc3 Ra2+ 52.
Kf3 Bxh2 53. Qc4 Rxa5 54. Qh4+ Kg7 55. Qxh2 Rf5+ 56. Ke4 Ra5 57. Kf3 Rf5+ 58.
Ke2 Rc5 59. Qd6 Rf5 60. Qd7+ Kf6 61. e4 Re5 62. Ke3 Re6 63. Qd4+ Re5 64. Qd6+
Re6 65. Qf4+ Ke7 66. e5 Ra6 67. Qb4+ Kd8 68. Ke4 Rc6 69. Kd5 Ra6 70. e6 Ra7 71.
Qb8+ Ke7 72. Qxa7+ Kf6 73. Qf7+ 1-0

[Event "Titled Tue 27th May Early"]
[Site "chess.com INT"]
[Date "2025.05.27"]
[Round "8"]
[White "Aslanov, Umid"]
[Black "Samunenkov, Ihor"]
[Result "0-1"]
[WhiteTitle "FM"]
[BlackTitle "GM"]
[WhiteElo "2324"]
[BlackElo "2572"]
[WhiteFideId "13412620"]
[BlackFideId "14187086"]
[EventDate "2025.05.27"]

1. e4 c5 2. Nf3 Nc6 3. d4 cxd4 4. Nxd4 Nf6 5. Nc3 e5 6. Ndb5 d6 7. Bg5 a6 8. Na3
b5 9. Nd5 Be7 10. Bxf6 Bxf6 11. c3 Rb8 12. Nc2 Bg5 13. a4 bxa4 14. Ncb4 Nxb4 15.
Nxb4 Bd7 16. Bxa6 O-O 17. O-O g6 18. Qxd6 Be7 19. Qxe5 Bxb4 20. cxb4 Rxb4 21.
Rfd1 Qb6 22. Rd6 Rxe4 23. Qf6 Qa7 24. Rad1 Re6 25. Rxe6 Bxe6 26. Be2 Bb3 27. Rd8
Qc7 28. Rxf8+ Kxf8 29. Qh8+ Ke7 30. h3 Qc5 31. Bf3 h5 32. Qh6 Qd4 33. Qg5+ Ke6
34. Qc1 Kf6 35. g3 h4 36. g4 g5 37. Kg2 Kg6 38. Qc6+ Kg7 39. Qc1 Kh6 40. Qc6+
Be6 41. Qc2 Kg7 42. Qc1 Kf6 43. Qc2 Ke5 44. Qe2+ Kd6 45. Qa6+ Ke7 46. Qb5 Bb3
47. Qxg5+ Kd6 48. Qc1 f6 49. Qc6+ Ke5 50. Qc7+ Ke6 51. Qc8+ Kf7 52. Qb7+ Kf8 53.
Qc8+ Kg7 54. Qc1 Kg6 55. Qb1+ Kg7 56. Qc1 Bf7 57. Qc2 Bg6 58. Qc7+ Kh6 59. Qc1+
Kg7 60. Qc7+ Bf7 61. Be2 Qe4+ 62. Bf3 Qb4 63. Qc1 Qb3 64. Qc7 Qe6 65. Qc2 Qe5
66. Qd3 Qxb2 67. Qf5 a3 68. g5 a2 69. gxf6+ Qxf6 70. Qg4+ Qg6 71. Qxg6+ Bxg6 72.
Bd5 a1=Q 73. Kf3 Qh1+ 74. Kg4 Qxd5 75. f4 Qe4 76. Kg5 Qf5+ 77. Kxh4 Qxf4# 0-1

[Event "Titled Tue 27th May Early"]
[Site "chess.com INT"]
[Date "2025.05.27"]
[Round "8"]
[White "Kovalevsky, Stanislav"]
[Black "Kalyani Sirin"]
[Result "1-0"]
[WhiteTitle "FM"]
[BlackTitle "WFM"]
[WhiteElo "2098"]
[BlackElo "2136"]
[WhiteFideId "13508598"]
[BlackFideId "33323500"]
[EventDate "2025.05.27"]

1. c4 e5 2. Nc3 Nc6 3. g3 Nf6 4. Bg2 Bb4 5. Nd5 Nxd5 6. cxd5 Ne7 7. a3 Bd6 8. d4
exd4 9. Qxd4 O-O 10. e4 Ng6 11. f4 c6 12. e5 Re8 13. Ne2 Bf8 14. d6 f6 15. Qc4+
Kh8 16. O-O fxe5 17. f5 Nf4 18. gxf4 Bxd6 19. Ng3 exf4 20. Bxf4 Bxf4 21. Rxf4 d5
22. Qd4 Rf8 23. Nh5 Qb6 24. Qxb6 axb6 25. f6 gxf6 26. Rxf6 Bg4 27. Rxf8+ Rxf8
28. Ng3 d4 29. Rf1 Rd8 30. Rf4 Be6 31. Nf1 b5 32. Kf2 c5 33. Bxb7 c4 34. Ba6 Rd5
35. Rf6 Bd7 36. Ke1 Kg7 37. Rb6 c3 38. bxc3 dxc3 39. Ne3 Re5 40. Kf2 Rc5 41. Rb7
c2 42. Rxd7+ Kh6 43. Nxc2 Rxc2+ 44. Kg1 Rc1+ 45. Kg2 Rc2+ 46. Kg3 Rc3+ 47. Kg4
Rxa3 48. Bxb5 Rb3 49. Bd3 Rb4+ 50. Kg3 Kg5 51. Rxh7 Rb3 52. Rd7 Rb2 53. h4+ Kf6
54. Kg4 Rb4+ 55. Kg3 Rb3 56. Kf4 Rb4+ 57. Be4 Rb2 58. h5 Rh2 59. Rd6+ Ke7 60.
Rd5 Kf6 61. Bf3 Rh4+ 62. Bg4 Rh1 63. Rd6+ Kg7 64. Ra6 Rf1+ 65. Kg5 Rf7 66. h6+
Kh8 67. Ra8+ Kh7 68. Bf5+ Rxf5+ 69. Kxf5 Kxh6 70. Kf6 Kh5 71. Rg8 Kh4 72. Kf5
Kh3 73. Kf4 Kh2 74. Kf3 Kh1 75. Kf2 Kh2 76. Rh8# 1-0

[Event "Titled Tue 27th May Early"]
[Site "chess.com INT"]
[Date "2025.05.27"]
[Round "8"]
[White "Goncharov, Vladimir"]
[Black "Mikhalsky, Vladimir"]
[Result "0-1"]
[WhiteElo "2077"]
[BlackElo "2219"]
[WhiteFideId "34162256"]
[BlackFideId "14144352"]
[EventDate "2025.05.27"]

1. d4 Nf6 2. c4 g6 3. Nc3 Bg7 4. e4 O-O 5. h3 d6 6. Be3 e5 7. d5 Nh5 8. g3 Na6
9. Be2 Nf6 10. g4 Nc5 11. Bf3 a5 12. Nge2 Ne8 13. Ng3 Bf6 14. Qd2 Bh4 15. O-O-O
a4 16. Rdg1 Ng7 17. Bh6 Kh8 18. Nf5 gxf5 19. Bxg7+ Kxg7 20. gxf5+ Kh8 21. Rg4
Qf6 22. Kc2 Bd7 23. Rhg1 Rg8 24. Nd1 Rxg4 25. Bxg4 Bg5 26. Qe2 Bh6 27. Nc3 Rg8
28. Rh1 Qg5 29. Rg1 Qf4 30. Rh1 c6 31. dxc6 Bxc6 32. Bf3 a3 33. b3 Na6 34. Rd1
Nb4+ 35. Kb1 Bg5 36. Bg4 Bd8 37. Bh5 Rg7 38. Rxd6 Bb6 39. c5 Bxc5 40. Rd8+ Rg8
41. Rxg8+ Kxg8 42. f3 Qe3 43. Qxe3 Bxe3 44. f6 Bg5 45. Bg4 Bxf6 46. Kc1 Bg5+ 47.
Kd1 Nd3 48. Nb1 Nf2+ 49. Kc2 Nxg4 50. hxg4 Be7 51. Kc3 Bc5 52. b4 Bd4+ 53. Kc4
Bb2 54. b5 Bd7 55. Kb4 Kg7 56. Nxa3 Bxa3+ 57. Kxa3 Bxb5 58. Kb4 Ba6 59. Kc5 Kg6
60. Kd5 f6 61. a4 Be2 62. Kc5 Bxf3 63. Kb6 Bxe4 64. a5 Kg5 65. Kc5 Kxg4 66. Kd6
Bf3 67. Ke6 e4 68. Kf7 e3 69. Kxf6 e2 70. Ke5 e1=Q+ 71. Kd4 Qxa5 72. Kc4 b6 73.
Kd3 b5 74. Ke3 b4 75. Kf2 b3 76. Ke3 b2 77. Kd4 b1=B 78. Ke3 Qe5+ 79. Kd2 h5 80.
Kc1 h4 81. Kd2 h3 82. Kc1 h2 83. Kd2 h1=B 0-1

[Event "Titled Tue 27th May Early"]
[Site "chess.com INT"]
[Date "2025.05.27"]
[Round "8"]
[White "Bahmani, Koorosh"]
[Black "Pham, Le Thao Nguyen"]
[Result "1-0"]
[WhiteTitle "CM"]
[BlackTitle "IM"]
[WhiteElo "2208"]
[BlackElo "2388"]
[WhiteFideId "42576750"]
[BlackFideId "12401226"]
[EventDate "2025.05.27"]

1. Nf3 d5 2. g3 c6 3. c4 Nf6 4. Bg2 Bf5 5. Qb3 Qb6 6. d3 e6 7. Be3 Qxb3 8. axb3
a6 9. Bd4 Nbd7 10. Nh4 Bg4 11. h3 Bh5 12. g4 e5 13. Bc3 d4 14. Bd2 Bg6 15. Nxg6
hxg6 16. O-O Bd6 17. b4 O-O 18. c5 Bc7 19. Na3 Rfe8 20. Nc4 e4 21. Rfe1 exd3 22.
exd3 Nd5 23. Rac1 Nf4 24. Bf1 g5 25. Nd6 Bxd6 26. cxd6 f6 27. Bxf4 gxf4 28. Bg2
Kf7 29. Be4 Ne5 30. Kg2 Rad8 31. f3 Rxd6 32. h4 g6 33. h5 gxh5 34. gxh5 Rh8 35.
Rh1 Ke6 36. Bg6 Rd7 37. Kf2 Rg7 38. Rcg1 Nxg6 39. hxg6 Rxh1 40. Rxh1 Rxg6 41.
Rh4 Kf5 42. Rh7 b5 43. Rc7 Rh6 44. Kg2 Rg6+ 45. Kf2 Rg8 46. Rxc6 Ra8 47. Rc5+
Ke6 48. Rc6+ Ke5 49. Rc7 a5 50. Rc5+ Ke6 51. Rxb5 axb4 52. Rxb4 Kd5 53. Rb5+ Kc6
54. Rf5 Ra2 55. Rxf4 Rxb2+ 56. Kg3 Rd2 57. Rxd4 Kc5 58. Rd8 Re2 59. Kf4 Re6 60.
d4+ Kc4 61. Kf5 Ra6 62. d5 Kd4 63. f4 Kc5 64. d6 Kd5 65. Kxf6 Ke4 66. f5 Ra5 67.
Re8+ Kf4 68. d7 Rxf5+ 69. Kg7 Rg5+ 70. Kh6 1-0

[Event "Titled Tue 27th May Early"]
[Site "chess.com INT"]
[Date "2025.05.27"]
[Round "8"]
[White "Harsh, Suresh"]
[Black "Burmakin, Vladimir"]
[Result "1-0"]
[WhiteTitle "IM"]
[BlackTitle "GM"]
[WhiteElo "2392"]
[BlackElo "2435"]
[WhiteFideId "45018464"]
[BlackFideId "4105109"]
[EventDate "2025.05.27"]

1. b3 d5 2. Bb2 Bf5 3. Nf3 e6 4. g3 h6 5. Bg2 Nf6 6. O-O Be7 7. d3 O-O 8. Nbd2
Bh7 9. Re1 c6 10. e4 a5 11. a3 Nbd7 12. Qe2 Qb6 13. Rad1 Rfe8 14. e5 Ng4 15. h3
Ngxe5 16. Nxe5 Nxe5 17. Bxe5 Bxa3 18. Qg4 Bf8 19. Nf1 Bf5 20. Qf4 Bg6 21. Ba1
Qd8 22. h4 b5 23. Bf3 a4 24. bxa4 Rxa4 25. Qd2 b4 26. Ne3 c5 27. Ng4 Ra2 28. Qc1
Bf5 29. Ne5 Qa8 30. Qb1 Qa4 31. Bb2 Ra8 32. Bh5 Ra7 33. Bxf7+ Rxf7 34. Nxf7 Kxf7
35. Rd2 d4 36. Rde2 Bd6 37. Kg2 h5 38. f3 Qa8 39. Kf2 Qd5 40. Qc1 Bc7 41. Ba1
Qd8 42. Qb1 Ra8 43. Qb3 Ra6 44. Qc4 Rc6 45. Bb2 Qf6 46. Bc1 Bg4 47. f4 Bxe2 48.
Rxe2 Qf5 49. Kg2 Qd5+ 50. Qxd5 exd5 51. Bb2 Ra6 52. Kf3 Ra2 53. Bc1 Bd8 54. f5
Bc7 55. Bf4 Bxf4 56. Kxf4 c4 57. dxc4 dxc4 58. Re4 Rxc2 59. Rxd4 b3 60. Rd7+ Ke8
61. Rxg7 b2 62. Rb7 c3 63. Rb8+ Kd7 64. f6 Rf2+ 65. Ke5 Kc7 66. Rb4 Rf1 67. Rc4+
Kd7 68. Rf4 1-0

[Event "Titled Tue 27th May Early"]
[Site "chess.com INT"]
[Date "2025.05.27"]
[Round "8"]
[White "Klukin, Kirill"]
[Black "Yang, Kaiqi"]
[Result "1/2-1/2"]
[WhiteTitle "IM"]
[BlackTitle "GM"]
[WhiteElo "2407"]
[BlackElo "2481"]
[WhiteFideId "24199273"]
[BlackFideId "8604398"]
[EventDate "2025.05.27"]

1. d4 Nf6 2. Nf3 g6 3. e3 Bg7 4. Be2 O-O 5. O-O d6 6. c4 Nbd7 7. Nc3 e5 8. Qc2
Re8 9. b4 a5 10. b5 exd4 11. Nxd4 Nc5 12. Bb2 h5 13. h3 Nh7 14. Nd5 Ng5 15. h4
Nge4 16. Nf3 c6 17. Bxg7 Kxg7 18. Qb2+ Kg8 19. Nf4 Na4 20. Qc2 Nac3 21. Bd3 cxb5
22. Ng5 Nxg5 23. hxg5 b4 24. Bxg6 Qxg5 25. Bxh5 Bf5 26. Qd2 Kg7 27. Bf3 Rh8 28.
Qd4+ Kg8 29. Rfc1 Qh6 30. Nh5 Bg6 31. Nf6+ Kf8 32. Qxd6+ Kg7 33. g4 Qh4 34. Qe5
Qxf6 35. Qg3 Rab8 36. g5 Qe7 37. Kg2 Rbd8 38. Rh1 Rxh1 39. Rxh1 Rh8 40. Rc1 b6
41. a3 Be4 42. axb4 Bxf3+ 43. Qxf3 axb4 44. Qf4 Qe4+ 45. Qxe4 Nxe4 46. Rb1 Nc3
47. Rxb4 Rc8 48. Rxb6 Rxc4 49. f4 Nd5 50. Rb3 Rc3 51. Rxc3 Nxc3 52. Kf3 Kg6 53.
e4 Nb5 54. Kg4 Nd4 55. f5+ Kg7 56. Kf4 Ne2+ 57. Ke5 Ng3 58. Kd5 Kf8 59. Ke5 Kg7
60. Kf4 Ne2+ 61. Ke3 Nc3 62. Kd3 Nb5 63. Kc4 Nd6+ 64. Kd5 Nb5 65. e5 Nc3+ 66.
Kd4 Ne2+ 67. Ke3 Ng3 68. Kf4 Ne2+ 69. Kg4 Nd4 70. Kf4 Nc6 71. Ke4 Nb4 72. Kd4
Nc2+ 73. Kd5 Ne3+ 74. Ke4 Ng4 75. Kf4 Nf2 76. Kf3 Nd3 77. Ke4 Nc5+ 78. Kd5 Nd3
79. e6 fxe6+ 80. Kxe6 Nf4+ 81. Ke7 Nd5+ 82. Kd6 Ne3 83. Ke6 Nxf5 84. Kxf5 Kf7
85. g6+ Kg7 86. Kg5 Kg8 87. Kf6 Kf8 88. Kf5 Kg7 89. Kg5 Kg8 90. Kh5 Kg7 91. Kg5 1/2-1/2

[Event "Titled Tue 27th May Early"]
[Site "chess.com INT"]
[Date "2025.05.27"]
[Round "8"]
[White "Bortnyk, Olexandr"]
[Black "Dragnev, Valentin"]
[Result "1/2-1/2"]
[WhiteTitle "GM"]
[BlackTitle "GM"]
[WhiteElo "2601"]
[BlackElo "2540"]
[WhiteFideId "14120828"]
[BlackFideId "1634852"]
[EventDate "2025.05.27"]

1. d4 d5 2. Nc3 c6 3. Bf4 Nf6 4. e3 Bf5 5. Nf3 h6 6. Bd3 Bxd3 7. cxd3 e6 8. O-O
Nbd7 9. h3 Be7 10. e4 O-O 11. e5 Nh7 12. Qe2 Rc8 13. Rfc1 Ng5 14. Nh2 Qb6 15.
Be3 Nh7 16. Rc2 Qa6 17. Rac1 c5 18. dxc5 Nxe5 19. d4 Qxe2 20. Rxe2 Nc6 21. a3
Bf6 22. Rd2 Rcd8 23. b4 a6 24. Nf3 Rfe8 25. Rb1 Ng5 26. Bxg5 Bxg5 27. Rd3 Bf6
28. a4 a5 29. bxa5 Nxa5 30. Nb5 Re7 31. Nd6 Ra8 32. Rb6 Nc4 33. Nxc4 dxc4 34.
Ra3 Rd7 35. Rb4 Bxd4 36. Rxc4 e5 37. Rb3 Rc8 38. Kf1 Rxc5 39. Rxc5 Bxc5 40. Nxe5
Rd1+ 41. Ke2 Ra1 42. Nd3 b6 43. Nxc5 bxc5 44. Rb8+ Kh7 45. Ra8 Ra3 46. a5 h5 47.
h4 Kg6 48. a6 f6 49. g3 c4 50. Kd2 Kf5 51. a7 g6 52. Ke2 Ra2+ 53. Kf3 Ra3+ 54.
Kg2 Ra2 55. Kf3 Ra3+ 56. Ke2 Kg4 57. Rg8 Ra2+ 58. Ke3 Ra3+ 59. Ke4 Rxa7 60.
Rxg6+ Kh3 61. Rxf6 Rc7 62. Ra6 c3 63. Ra1 c2 64. Rc1 Kg2 65. Ke3 Re7+ 66. Kd3
Kxf2 67. Rxc2+ Kxg3 68. Rc4 Rg7 69. Ke3 Rg4 70. Rc1 Kxh4 71. Kf3 Kg5 72. Rc5+
Kg6 73. Rc6+ Kg5 74. Rc5+ Kh4 75. Rd5 Rg3+ 76. Kf2 Rg4 77. Kf3 Rg3+ 78. Kf2 Rb3
79. Kg2 Rb2+ 80. Kf3 Rb3+ 81. Kg2 Rb2+ 82. Kf3 Rb3+ 83. Kg2 1/2-1/2

[Event "Titled Tue 27th May Early"]
[Site "chess.com INT"]
[Date "2025.05.27"]
[Round "8"]
[White "Gong, Qianyun"]
[Black "Noy, Eyal"]
[Result "0-1"]
[WhiteTitle "WGM"]
[BlackTitle "FM"]
[WhiteElo "2265"]
[BlackElo "2346"]
[WhiteFideId "8602425"]
[BlackFideId "2821117"]
[EventDate "2025.05.27"]

1. d4 Nf6 2. c4 e6 3. Nf3 d5 4. g3 Bb4+ 5. Bd2 a5 6. Bg2 O-O 7. O-O b6 8. Qc1
Ba6 9. b3 Nbd7 10. Rd1 Rc8 11. Bf4 Bd6 12. Ne5 Bb7 13. Nc3 c6 14. Qc2 Bxe5 15.
dxe5 Ng4 16. e4 Ngxe5 17. exd5 cxd5 18. Qe2 Qf6 19. Rac1 Ba6 20. Re1 Ng6 21. Bd6
Rfd8 22. Qh5 Ndf8 23. Bxf8 Nxf8 24. Na4 dxc4 25. Nxb6 Rb8 26. Nxc4 a4 27. Ne5
axb3 28. Nc6 b2 29. Rb1 Bd3 30. Nxb8 Rxb8 31. Be4 Bxb1 32. Bxb1 Qc3 33. Qe2 Rd8
34. h4 Rd2 35. Qe4 Qc1 36. Kg2 Rd1 37. Rxd1 Qxd1 38. a4 f5 39. Qc2 Qxc2 40. Bxc2
Nd7 41. a5 Nc5 42. Kf3 e5 43. Bxf5 Kf7 44. Bb1 Ke6 45. Ke3 Kd5 46. Kd2 Kc4 47.
Kc2 Na4 48. a6 Kb5 49. Kb3 Nc5+ 50. Kxb2 Kxa6 51. Kc3 h6 52. Kc4 Kb6 53. Bf5 Kc6
54. f3 Kd6 55. h5 Nb7 56. Kd3 Na5 57. Ke4 Nb3 58. g4 Nc5+ 59. Ke3 Kd5 60. Bc8
Nb3 61. Bb7+ Ke6 62. Ba6 Nc5 63. Bc4+ Kf6 64. Bd5 Kg5 65. Bf7 Nd7 66. Bg6 Nf6
67. Bf5 Nxh5 68. Ke4 Ng3+ 69. Kxe5 Nxf5 70. gxf5 h5 71. f4+ Kg4 72. f6 gxf6+ 73.
Ke4 f5+ 0-1

[Event "Titled Tue 27th May Early"]
[Site "chess.com INT"]
[Date "2025.05.27"]
[Round "8"]
[White "Alvarez Leon, Luis"]
[Black "Perez Rojas, Jorge"]
[Result "1/2-1/2"]
[WhiteTitle "FM"]
[BlackTitle "FM"]
[WhiteElo "2178"]
[BlackElo "2100"]
[WhiteFideId "3600351"]
[BlackFideId "3452093"]
[EventDate "2025.05.27"]

1. Nf3 d5 2. d4 Nf6 3. g3 g6 4. Bg2 Bg7 5. O-O O-O 6. c4 dxc4 7. Na3 c5 8. Nxc4
cxd4 9. Qxd4 Nc6 10. Qc5 Be6 11. Bg5 Ne4 12. Qb5 Nxg5 13. Nxg5 Bd7 14. Rad1 Qc7
15. Ne3 e6 16. b3 Rab8 17. Qc5 Rfd8 18. Ng4 f5 19. Ne3 Re8 20. Nc4 b6 21. Rxd7
Qxd7 22. Qxc6 Qxc6 23. Bxc6 Re7 24. f4 e5 25. Bd5+ Kf8 26. Nxh7+ Ke8 27. Ng5 e4
28. Bc6+ Kd8 29. b4 a6 30. a4 b5 31. axb5 axb5 32. Na5 Kc7 33. Rc1 Kb6 34. Bd5
Rd8 35. Rc6+ Ka7 36. Be6 Bd4+ 37. Kg2 Bb6 38. Nb3 Rc7 39. Rxc7+ Bxc7 40. Nc5 Bb6
41. Nd7 Bd4 42. Nf7 Re8 43. Bd5 Re7 44. Nde5 Bxe5 45. Nxe5 Rg7 46. Bf7 g5 47. e3
Kb6 48. Bb3 Kc7 49. Kf2 Kd6 50. Nf7+ Ke7 51. Nxg5 Kf6 52. h4 Rc7 53. h5 Rc3 54.
Bg8 Rb3 55. h6 Rxb4 56. Bd5 Rb2+ 57. Kg1 Rb1+ 58. Kg2 Rd1 59. Bb3 Rd3 60. h7 Kg7
61. Bg8 Rd7 62. Be6 Re7 63. Bxf5 b4 64. Nxe4 b3 65. Nc5 b2 66. Na4 Rxe3 67. Nxb2
Re2+ 68. Kf3 Rxb2 69. Kg4 Rb6 70. Kg5 Rb7 71. g4 Rb6 72. Be4 Rb2 73. Bf5 Rb4 74.
Bg6 Rc4 75. f5 Rc5 76. Kf4 Rc6 77. g5 Rc5 78. f6+ Kh8 79. f7 Rc8 80. Kf5 Rf8 81.
Kf6 Ra8 82. Bf5 Rf8 83. g6 Rxf7+ 84. gxf7 1/2-1/2

[Event "Titled Tue 27th May Early"]
[Site "chess.com INT"]
[Date "2025.05.27"]
[Round "8"]
[White "Gabrielian, Artur"]
[Black "Suyarov, Mukhammadzokhid"]
[Result "1/2-1/2"]
[WhiteTitle "GM"]
[BlackTitle "IM"]
[WhiteElo "2419"]
[BlackElo "2491"]
[WhiteFideId "4131002"]
[BlackFideId "14210495"]
[EventDate "2025.05.27"]

1. Nf3 Nf6 2. g3 d5 3. Bg2 e6 4. O-O Be7 5. d3 O-O 6. Bf4 c5 7. a4 Nc6 8. e4 d4
9. e5 Nd5 10. Bc1 b6 11. Nbd2 Bb7 12. Nc4 Qd7 13. Re1 a6 14. Bg5 Bxg5 15. Nxg5
h6 16. Ne4 Nce7 17. Ncd6 Bc6 18. a5 Qc7 19. axb6 Qxb6 20. b3 Bb5 21. Qh5 Be8 22.
Nc4 Qb4 23. Ned6 Bb5 24. Re4 Qc3 25. Qd1 Nb4 26. Rg4 Rad8 27. Rc1 Bxc4 28. Nxc4
Ned5 29. Be4 f5 30. exf6 Nxf6 31. Rf4 g5 32. Rxf6 Rxf6 33. Qe2 Rdf8 34. f3 Nd5
35. Re1 Qb4 36. Ne5 Qb7 37. Ng4 Qg7 38. Bxd5 exd5 39. Nxf6+ Qxf6 40. Kg2 Rf7 41.
Qe8+ Kh7 42. Qe2 a5 43. Qf2 c4 44. bxc4 dxc4 45. dxc4 a4 46. Qe2 Kg7 47. Qd3 Qd6
48. Re4 a3 49. Rxd4 Qf6 50. Rd6 Qe5 51. Rg6+ Kh7 52. Re6+ Qf5 53. Qxf5+ Rxf5 54.
Ra6 Re5 55. Rxa3 Re2+ 56. Kh3 Rxc2 57. Ra7+ Kg6 58. Ra6+ Kg7 59. Kg4 Rxh2 60. c5
Rc2 61. Rc6 Rc3 62. f4 gxf4 63. gxf4 Rc4 64. Rc7+ Kg6 65. Rc6+ Kg7 66. Kf5 h5
67. Kg5 h4 68. Rc7+ Kg8 69. Rc6 h3 70. Rg6+ Kf7 71. Rf6+ Ke7 72. Rh6 Rxc5+ 73.
f5 Rc3 74. Rh7+ Kd6 75. Kg6 Rg3+ 76. Kf7 Ke5 77. f6 Kf5 78. Rh5+ Kg4 79. Rh8 Ra3
80. Kg6 Rf3 81. f7 Kg3 82. Kg7 h2 83. Rxh2 Rxf7+ 84. Kxf7 Kxh2 1/2-1/2